00195nam a2200073Ia 4500008004100000082000800041100002000049245005200069240331s9999 xx 000 0 und d bPOC aThompson, D. ed 4aThe pocket oxford dictionary of current English